000 00562nam a22001817a 4500
005 20240201095517.0
008 240201b |||||||| |||| 00| 0 eng d
020 _a9781485101154
041 _aEnglish
082 _a346.5 MEY
100 _aMeyerowitz, D
_lEnglish
245 _aMeyerowitz on Administration of Estates and their Taxation /
_cD Meyerowitz
250 _a2010 Edition
260 _aCape Town :
_bMeytax Publishers cc,
_c2010
300 _bxxx,
_c25 cm.
650 _aLegal practice
_bLaw
942 _cBK
_6ALISON_BN_VRIES
999 _c1318
_d1318